00478 2200193 4500245004100000020002200041250001100063100001100074700001600085700001300101650002200114650002700136005001900163260004400182041001400226084001000240300002500250336000900275 aSimulasi Siaga BencanacAdrianhText a978-979-056-096-3 aCet. 1 aAdrian aM. Ramdhani aSasongko aPenyelamatan Diri aSimulasi Siaga Bencana a20230310093024 aJakartabIntimedia Ciptanusantarac2013 aIndonesia a613.6 aiv, 68 hlm. :cilus. atext